000 00413nam a2200169Ia 4500
008 230524s9999 xx 000 0 und d
020 _a8129702703
082 _a547
_bSYK
100 _aPeter Sykes
245 2 _aA Guide Book to Machanism in Organic Chemistry
250 _a6TH
260 _aNEW DELHI
_bPearson
_c2004
300 _aXII;416
500 _aQuantity Number: 7
650 _aChemistry
942 _cBK
999 _c696
_d696